LEADER 01276nam a2200253 a 4500 001 000000165455 003 CaOOAMICUS 005 20180129123756.0 008 180129s1938 gw f m u001 u ger r 032 $aLibriCat 040 $aPUL$bita 100 1 $aDonckel, Emil.$0(OLS)http://pul/name/106602 245 10$aAusserroemische Helige in Rom :$bvon den Anfaengen unter Liberius bis Leo IV (847). Ein Beitrag zur Entwicklung des stadtroemischen Feskalenders /$cvon Emil Donckel. 260 $aLuxemburg ; Bahnhof :$bCharles Herrmann,$c1938. 300 $aXIV, 160 p. ;$c24 cm +$e[5] c. di tav. pieg. 502 $aTesi. Istituto Pontificio di Archeologia Cristiana in Roma. 1938. 504 $aBibliografia in nota a piè pagina. 650 4$aCalendario ecclesiastico.$0(OLS)http://pul/subject/9002 850 $aPUL 852 $aPUL$W1$xDP1 Tesi Varie$y51$mTH VAR 155$j189744$qTesi$B192784$CPULBib$Z2$F192784 $H13264 $81 941 1 $a16 996 $6245$aAusserroemische Helige in Rom :$bvon den Anfaengen unter Liberius bis Leo IV (847). Ein Beitrag zur Entwicklung des stadtroemischen Feskalenders$9(OLS)http://pul/title/205142 996 $6260$aLuxemburg ; Bahnhof :$bCharles Herrmann$9(OLS)http://pul/publisher/86641 LEADER 01599nam a2200337 u 4500 001 000000111380 003 CaOOAMICUS 005 20150615171412.0 008 080429s2006 it u000 u ita u 020 $a88-498-1511-5 040 $aPUL$bita$dBc 100 0 $aIohannes Paulus PP.$bII,$csanto,$d1920-2005.$0(OLS)http://pul/name/1830 245 10$aDiscorsi al popolo di Dio /$cKarol Wojtyla ; a cura di Flavio Felice ; prefazione di Luca Volontè ; introduzione di Rocco Buttiglione. 260 $aSoveria Mannelli :$bRubbettino,$c2006. 300 $axiv, 272 p.$c22 cm 700 1 $aVolontè, Luca.$0(OLS)http://pul/name/68397 700 1 $aButtiglione, Rocco,$d1948-$0(OLS)http://pul/name/1244 700 1 $aFelice, Flavio,$d1969-$0(OLS)http://pul/name/42078 850 $aPUL 852 $aPUL$W1$xSL Religione 3$y85$m252. 02 FLAFE 1$j127674$qDDC 21$B126377$CPULBib$Z2$F126377 $H107123 $82 852 $aPUL$W1$xDP1 Fondo S. Lanza$y121$m3 B 72$j162979$qFondi$B166737$CPULBib$Z2$F166737 $HLAN63 $82 900 $aWojtyla, Karol,$cs.,$d1920-2005$91830 900 $aGiovanni Paolo II,$cpapa, s.,$d1920-2005$91830 910 $aPapi (1978-2005 : Iohannes Paulus PP. II)$91830 910 $aPapi (1978-2005 : Iohannes Paulus PP. II)$91830 941 1 $a9 941 1 $a1 961 $aDono di S. E. il Rettore 996 $6020$a88-498-1511-5$9(OLS)http://pul/number/137862 996 $6245$aDiscorsi al popolo di Dio$9(OLS)http://pul/title/140047 996 $6260$aSoveria Mannelli :$bRubbettino$9(OLS)http://pul/publisher/51639